000 00565nam a22002297a 4500
003 UA-OsUOA
001 97004
007 ta
008 20130325b un ||||| |||| 00| 0 ukr d
100 _aМежелайтіс Е.
090 _a821.172
_bМ43
942 _cBK
040 _aUA-OsUOA
_brus
_cUA-OsUOA
_dUA-OsUOA
245 _aПоезії
300 _a205 с.
955 _a3
041 _arus
080 _a821.172
260 _aК.
_bДніпро
_c1981
650 7 _a82 Література. Літературознавство
_2UDC
999 _c383252
_d383252